000 01670nac a22003611i 4500
003 EG-ScBUE
005 20241002110414.0
008 120119s2007 nyuab f be 001 0 eng d
020 _a9780071441438 (alk. paper)
020 _a0071441433
040 _aEG-ScBUE
_beng
_erda
_cEG-ScBUE
_dEG-ScBUE
082 0 4 _a503
_222
_bMCG
245 0 0 _aMcGraw-Hill encyclopedia of science & technology.
246 3 0 _aEncyclopedia of science & technology
246 3 0 _aMcGraw-Hill encyclopedia of science and technology
246 3 0 _aEncyclopedia of science and technology
250 _aTenth edition.
264 1 _aNew York :
_bMcGraw-Hill,
_c[2007]
264 4 _cc2007
300 _a20 volumes :
_billustrations (some color), maps (some color) ;
_c29 cm
336 _2rdacontent
_atext
_btxt
337 _aunmediated
_2rdamedia
_bn
338 _avolume
_bnc
_2rdacarrier
504 _aIncludes bibliographical references and index.
505 0 _aVolume 1 -- Volume 2 -- Volume 3 -- Volume 4 -- Volume 5 -- Volume 6 -- Volume 7 -- Volume 8 -- Volume 9 -- Volume 10 -- Volume 11 -- Volume 12 -- Volume 13 -- Volume 14 -- Volume 15 -- Volume 16 -- Volume 17 -- Volume 18 -- Volume 19 -- Volume 20.
650 7 _aScience
_vEncyclopedias.
_2BUEsh
_928430
650 7 _aTechnology
_vEncyclopedias.
_2BUEsh
_928431
655 _vReading book
856 4 1 _3Table of contents only
_uhttp://www.loc.gov/catdir/toc/ecip0710/2007006137.html
856 4 1 _3Contributor biographical information
_uhttp://www.loc.gov/catdir/enhancements/fy0801/2007006137-b.html
856 4 1 _3Publisher description
_uhttp://www.loc.gov/catdir/enhancements/fy0801/2007006137-d.html
942 _cREFERENCE
_2ddc
999 _c5586
_d5586